| 000 | 00721 a2200193 4500 | ||
|---|---|---|---|
| 005 | 20111224120856.0 | ||
| 008 | 111224t xxu||||| |||| 00| 0 eng d | ||
| 080 |
_aF _bBER |
||
| 100 |
_aBergelson, David _918640 |
||
| 245 |
_aEnd of everything _cDavid Bergelson; tr.by Joseph Sherman |
||
| 300 | _axliii, 264p. | ||
| 490 | _a(New yiddish library) | ||
| 653 |
_aEnglish literature - fiction _aJewish literature - translation |
||
| 942 | _cBK | ||
| 260 |
_aNew Haven _bYale university press _c2009 _918641 |
||
| 500 | _aTranslated from the Yiddish | ||
| 020 | _a97800300110678 | ||
| 952 |
_w2011-03-08 _p00065784 _v0.00 _r2013-03-04 _40 _e91 _00 _bUL _10 _oF BER _d2011-03-08 _70 _cGEN _2udc _g0.00 _yBK _s2013-02-05 _l2 _aUL |
||
| 999 |
_c68803 _d68802 |
||